000
00286nam a22001337a 4500
008
181101b xxu||||| |||| 00| 0 eng d
020
_a
072164841
041
_a
eng
080
_2
4 TH
_a
616
100
_a
5
101
_a
KIR
245
_a
Vascular Surgery
_c
Moore.W
942
_2
udc
_c
BK
999
_c
51456
_d
51456